Loading...
| Fine Arts - Other | 0 | 2 | 0 | 0 | 20 | 43 | 79.00 | 1 | 1 | 0.00 | 0.00 |
| Science - Biology | 0 | 2 | 1 | 0 | 15 | 114 | 115.00 | 0 | 0 | 0.00 | 0.00 |
| Fine Arts - Painting and Sculpture | 0 | 1 | 0 | 1 | 10 | 134 | 134.00 | 0 | 0 | 0.00 | 0.00 |
| Science - Chemistry | 0 | 1 | 0 | 0 | 10 | 96 | 96.00 | 0 | 1 | 0.00 | 0.00 |
| Mythology | 0 | 1 | 0 | 1 | 10 | 131 | 131.00 | 0 | 0 | 0.00 | 0.00 |
| Social Science | 0 | 1 | 1 | 0 | 5 | 96 | 96.00 | 0 | 1 | 0.00 | 0.00 |
| Philosophy | 0 | 0 | 0 | 0 | 0 | 0.00 | 0 | 0 | 0.00 | 0.00 | |
| Literature - British | 0 | 0 | 0 | 0 | 0 | 0.00 | 0 | 0 | 0.00 | 0.00 | |
| Literature - American | 0 | 0 | 0 | 0 | 0 | 0.00 | 0 | 0 | 0.00 | 0.00 | |
| Science - Physics | 0 | 0 | 1 | 0 | -5 | 0.00 | 0 | 0 | 0.00 | 0.00 |